1431 1003 1002 1819 1822 1999 1952 1581 1098 1415 1811 1323 1299 1803 1675 1514 1315 1121 1884 1086 1262 1111 1829 1929 1899 1247 1847 1548 1774 1538 1839 1555 1569 1471 1617 1158 1642 1093 1962 1397 1366 1570 1214 1359 1468 1437 1949 1461 1668 1971 1489 1163 1398 1601 1278 1220 1642 1858 1908 1844 1113 1684 1272 1580 1076 1224 1680 1696 1645 1437 1295 1568 1448 1794 1642 1733 1919 1817 1561 1131 1948 1202 1745 1705 1195 1312 1801 1428 1304 1605 1860 1701 1755 1971 1915 1952 1458 1489 1051 BCNSPRNW ULIB Ver.6.0+V

เปลี่ยนเป็นภาษาไทย

Change to English
 แสดงรายละเอียดบรรณานุกรม
  กลับหน้าหลัก

Brief Record : Get Marc (ISO 2709) : E-mail record : QR code < ปิดหน้าต่าง
LEADER : 00000nam 2200000uu 4500
001    13399128026
003     ULIB
008    211223s2559||||th 000 0 tha d
020 ^- ^a9786160618675 (ชุด)
050 ^- ^aนว.^bซ696อ^cล.2
100 1^ aซู, โม่.
245 10 ^aอวลกลิ่นละอองรัก ล.2 /ซูโม่ เขียน ; อวี้ แปล.
250 ^- ^aพิมพ์ครั้งที่ 1.
260 ^- ^aกรุงเทพฯ :แจ่มใส,2559
300 ^- ^a2 เล่ม.
490 1^ aมากกว่ารัก
500 ^- ^aแปลจาก: Chen xiang ru xie.
653 ^- ^aจีนศึกษา
700 0^ aอวี้.
945    ^p619^l0^i008624
999    ^aประนอม เกษจรัล
รายการนี้ยังไม่มีแท็ก
คุณยังไม่ได้ล็อกอิน คุณสามารถมีกิจกรรมร่วมกับเว็บไซต์ได้ แต่ต้องล็อกอินก่อน ::
  ล็อกอิน

รายการสื่อสารสนเทศ

ลำดับที่ ประเภท เลขเรียก/บาร์โค้ด สถานที่ สถานะ
1. นวนิยาย
นวนิยาย
นว. ซ696อ ล.2 ฉ.1 
  Barcode: 008624
ห้องสมุดวิทยาเขตสวรรค์ประชารักษ์
►หนังสือทั่วไป
บนชั้น

BibComment


ยังไม่เคยถูกคอมเมนท์

คอมเมนท์ทรัพยากรรายการนี้
  คอมเมนท์: อวลกลิ่นละอองรัก..


 Copyright 2026. Bcnsprnw @Library